Culture and human rights / (Record no. 123422)

MARC details
000 -LEADER
fixed length control field 00826nam a22002537a 4500
005 - DATE AND TIME OF LATEST TRANSACTION
control field 20170124105925.0
010 ## - LIBRARY OF CONGRESS CONTROL NUMBER
LC control number B-31248
020 ## - INTERNATIONAL STANDARD BOOK NUMBER
International Standard Book Number 8187317922
Terms of availability 00.00
035 ## - SYSTEM CONTROL NUMBER
System control number B-31248
037 ## - SOURCE OF ACQUISITION
Source of stock number/acquisition Cen Lib/Ret
040 ## - CATALOGING SOURCE
Original cataloging agency DPL
Language of cataloging EN
082 ## - DEWEY DECIMAL CLASSIFICATION NUMBER
Classification number 323
100 ## - MAIN ENTRY--PERSONAL NAME
Personal name Kanitkar,Satish
9 (RLIN) 6004
245 ## - TITLE STATEMENT
Title Culture and human rights /
Statement of responsibility, etc by Satish Kanitkar
260 ## - PUBLICATION, DISTRIBUTION, ETC. (IMPRINT)
Place of publication, distribution, etc New Delhi
Name of publisher, distributor, etc Rajat publications
Date of publication, distribution, etc 2000
270 ## - ADDRESS
Address 4675/21,Ansari road Darya Ganj
City New Delhi
Postal code 110002
300 ## - PHYSICAL DESCRIPTION
Extent 290p.
Dimensions 21cm(Hb)
500 ## - GENERAL NOTE
General note Inculdes index
650 ## - SUBJECT ADDED ENTRY--TOPICAL TERM
Topical term or geographic name as entry element Religious -human right
9 (RLIN) 6005
650 ## - SUBJECT ADDED ENTRY--TOPICAL TERM
Topical term or geographic name as entry element Socio economic rights
9 (RLIN) 6006
650 ## - SUBJECT ADDED ENTRY--TOPICAL TERM
Topical term or geographic name as entry element धार्मिक मानव अधिकार
9 (RLIN) 6007
650 ## - SUBJECT ADDED ENTRY--TOPICAL TERM
Topical term or geographic name as entry element सामाजिक, आर्थिक अधिकार
9 (RLIN) 6008
942 ## - ADDED ENTRY ELEMENTS (KOHA)
Source of classification or shelving scheme Dewey Decimal Classification
Koha item type English Books
Classification part 323
Call number suffix KAN
Holdings
Withdrawn status Lost status Damaged status Not for loan Home library Current library Date acquired Source of acquisition Cost, normal purchase price Total Checkouts Full call number Barcode Date last seen Date checked out Copy number Cost, replacement price Price effective from Koha item type
        Central Library Central Library 06/06/2015 Cen Lib/Ret 0.00 1 323 KAN B-31248 05/11/2019 18/10/2019 1 0.00 06/06/2015 English Books

© Delhi Public Library
Hit Counter
free hit counter